Normal view
MARC view
- 5 CHEMISTRY PRACTICE EXAM
Entry Topical Term
001 - CONTROL NUMBER
- control field: 60531
003 - CONTROL NUMBER IDENTIFIER
- control field: NUST
005 - DATE AND TIME OF LATEST TRANSACTION
- control field: 20210628202552.0
008 - FIXED-LENGTH DATA ELEMENTS
- fixed length control field: 210628|| aca||aabn | a|a d
040 ## - CATALOGING SOURCE
- Original cataloging agency: NUST
- Transcribing agency: NUST
150 ## - HEADING--TOPICAL TERM
- Topical term or geographic name entry element: 5 CHEMISTRY PRACTICE EXAM
670 ## - SOURCE DATA FOUND
- Source citation: Work cat.: (NUST): Thorpe, Gary S 60530, 5 chemistry practice exam, 2006
